<The> Theory of Industrial Organization

Guardado en:
Detalles Bibliográficos
Autor principal: Tirole, Jean
Formato: Libro
Lenguaje:inglés
Publicado: Cambridge The MIT Press 1994
Edición:7. print.
Materias:
Etiquetas: Agregar Etiqueta
Sin Etiquetas, Sea el primero en etiquetar este registro!

MARC

LEADER 00000nam a2200000 4500
001 c014976
005 20230120103450.2
020 |a 0-262-20071-6 
041 0 |a eng 
044 |a US 
245 1 0 |a <The> Theory of Industrial Organization  |c Jean Tirole 
250 |a 7. print. 
264 1 |a Cambridge  |b The MIT Press  |c 1994 
300 |a 479 s. 
610 2 0 |a organizácia priemyslu 
610 2 0 |a organizácia procesov výrobných 
610 2 0 |a teória organizácie 
610 2 0 |a teórie ekonomické 
100 1 |a Tirole, Jean